Datum a čas kvízu
17
Celkem bodů
Celkový počet nahraných bodů na tomto kvízu bez doplňovacích otázek.
6.
Pořadí na kvízu
Konečné umístění týmu na tomto kvízu.
Zaznamenané odpovědi
| # | Otázka | Odpověď | Body | Výsledky |
|---|---|---|---|---|
| 1. | Minulý týden se v pražských Z... | Bolt | 1 | |
| 2. | Ke dvěma a půl letům vězení by... | D | 0 | |
| 3. | Jedno z nejnovějších děl umělc... | C) ve Veselí nad Moravou | 0 | |
| 4. | Objem daňových nedoplatků za l... | Česká správa sociálního zabezpečení | 1 | |
| 5. | Jak se jmenuje český fotbalový... | Václav Hladký | 0 | |
| 6. | Podíváme se do zemí či krajů,... | Muž z Acapulca | 0 | |
| 7. | Ve filmu Tři veteráni ztvárnil... | B | 1 | |
| 8. | Nyní se podíváme do malé vesni... | Kyselá prdel (Bad Ass) | 0 | |
| 9. | Přiřaďte tyto postavy z knižní... | 1A 2B 3D 4C | 0 | |
| 10. | Které drama režiséra Vladimíra... | Je třeba zabít Sekala | 1 |